000 01150cas a22002415a 4500
001 L142361
008 111114c2010 xxkar w ss 0 a0eng d
035 _a(Sirsi) u142361
041 0 _aeng
050 _a333.337 $2 18
110 2 _aJones Lang LaSalle
_93755
245 0 0 _aAsia Pacific Property Investment Guide
_h[electronic resource]
260 _a[S.l.]
_bJLL
_c[2010?]
490 0 _aJones Lang LaSalle Asia Property Investment Guide
_v2010?-
520 _aProvides an overview of the office investment market in Australia, China, Hong Kong, India,, Indonesia, Japan, Malaysia, New Zealand, Philippines, Singapore, South Korea, Taiwan, Thailand, and Vietnam. Prefaced by an article on the Jones Lang LaSalle Transparency Index.
554 _aAnnual
650 2 4 _aJONES LANG LASALLE ASIA PACIFIC PROPERTY INVESTMENT GUIDE
651 4 _aAsia Pacific
690 _aPROPERTY-COMMERCIAL PROPERTY-COMMERCIAL PROPERTY MARKET
710 2 _aBlake Dawson
856 4 0 _uhttps://www.joneslanglasalle.com/microsites/eBook/asia-pacific-property-investment-guide-2011.pdf
_zView the report free of charge at www.joneslanglasalle.com
942 _n0
999 _c119163
_d119163